Thơ và đời
v...v
Đã lưu trong:
| Tác giả chính: | |
|---|---|
| Định dạng: | Sách |
| Ngôn ngữ: | Vietnamese |
| Năm xuất bản: |
H.
Văn hóa
1997
|
| Chủ đề: | |
| Tags: |
Thêm thẻ
Không có thẻ, Hãy là người đầu tiên gắn thẻ bản ghi này!
|
| LEADER | 01132nam a2200337 a 4500 | ||
|---|---|---|---|
| 001 | vtls000043351 | ||
| 003 | VRT | ||
| 005 | 20170112091118.0 | ||
| 008 | 091109t2007 vm a 001 0 vie | | ||
| 039 | 9 | |a 200911231118 |b ktx | |
| 040 | |a TVBK |e AACR2 | ||
| 041 | |a vie | ||
| 082 | 0 | 4 | |a 895.922134 |b L566QU |
| 100 | 1 | |a Lưu Quang Vũ | |
| 245 | 1 | 0 | |a Thơ và đời |c Lưu Quang Vũ |
| 260 | |a H. |b Văn hóa |c 1997 | ||
| 300 | |a 395 tr. |c 19 cm | ||
| 520 | |a v...v | ||
| 653 | |a Văn học hiện đại | ||
| 653 | |a Thế kỷ XX | ||
| 653 | |a Việt Nam | ||
| 653 | |a Thơ | ||
| 900 | |a M11 D09 Y09 | ||
| 942 | |2 ddc |c STK0 | ||
| 949 | |6 0000002352 | ||
| 949 | |6 2009403120 | ||
| 949 | |6 2011404066 | ||
| 949 | |6 2011404019 | ||
| 999 | |c 4120 |d 4120 | ||
| 952 | |0 0 |1 0 |2 ddc |4 0 |6 895_922134000000000_L566QU |7 0 |8 800 |9 41753 |a qbu |b qbu |c D5 |d 2014-12-18 |g 30000 |o 895.922134 L566QU |p 3966.C1 |r 0000-00-00 |w 2014-12-18 |y STK0 |0 0 |6 895_922134000000000_L566QU | ||
| 952 | |0 0 |1 0 |2 ddc |4 0 |6 895_922134000000000_L566QU |7 0 |8 800 |9 41754 |a qbu |b qbu |c D5 |d 2014-12-18 |g 30000 |o 895.922134 L566QU |p 3966.C2 |r 0000-00-00 |w 2014-12-18 |y STK0 |0 0 |6 895_922134000000000_L566QU | ||